000 00609nam a2200181 a 4500
001 000030115
005 20210420113209.0
008 110429s1996 dr a 000 0 spa d
040 _aDO-SdBNP
_bspa
_cBNPHU
082 _axxx
_bF673c
110 _aFondo de las Naciones Unidas para la Infancia
_99270
245 1 0 _aCarpeta para facilitar actividades de capacitación sobre los derechos de la niñez.
260 _aSanto Domingo :
_bFondo de las Naciones Unidas para la Infancia (UNICEF),
_c1996.
300 _a98 P. :
_bil. ;
_c28 cm.
500 _aIncluye anexos
504 _aBibliografía
049 _aBNPD
999 _c29607
_d29607